PRINCIPLES OF MARKETING (Record no. 395624)

MARC details
000 -LEADER
fixed length control field 00437nam a2200181Ia 4500
008 - FIXED-LENGTH DATA ELEMENTS--GENERAL INFORMATION
fixed length control field 230512s1990 xx 000 0 und d
041 ## - LANGUAGE CODE
Language code of text/sound track or separate title eng
082 ## - DEWEY DECIMAL CLASSIFICATION NUMBER
Classification number 658.8
100 ## - MAIN ENTRY--PERSONAL NAME
Personal name KINNEAR T C/ BEROHARD K C
245 ## - TITLE STATEMENT
Title PRINCIPLES OF MARKETING
250 ## - EDITION STATEMENT
Edition statement 3
260 ## - PUBLICATION, DISTRIBUTION, ETC.
Name of publisher, distributor, etc. SCOTT, FORESMAN SERIES IN MARKETING
Date of publication, distribution, etc. 1990
300 ## - PHYSICAL DESCRIPTION
Extent 765
365 ## - TRADE PRICE
Price amount 1764
500 ## - GENERAL NOTE
General note Paper Back
520 ## - SUMMARY, ETC.
Summary, etc. Reference Copy
650 ## - SUBJECT ADDED ENTRY--TOPICAL TERM
Topical term or geographic name entry element Management

No items available.